Music Quiz

Random Music or Song Quiz
Score 0/33 Timer 05:00
0 Plays Today
% Correct
Way
93.5%
Myself
92.7%
Sugar
92.7%
Road
92.6%
Back
92.2%
Pie
92%
Three
91.8%
Town
91.8%
Smooth
91.1%
Magic
90.4%
Stand
88.6%
Bad
87.9%
House
87.4%
Song
86.1%
Karma
86%
Feel
85.5%
Vain
85%
% Correct
Around
84.9%
Rockin'
84.8%
Bird
84.8%
Mind
84.5%
Hot
83.6%
Hello
83.3%
Dream
82.8%
Rebel
81.4%
White
80.1%
Escape
78.4%
Work
78.3%
All
75.3%
Good
75%
Groove
74.8%
Stay
74%
Step
68.2%
Remove Ads.
Support Sporcle.
Get the best of Sporcle when you Go Orange. This ad-free experience offers more features, more stats, and more fun while also helping to support Sporcle. Thank you for becoming a member.

You're not logged in!

Compare scores with friends on all Sporcle quizzes.
OR
Log In

Sporcle TV

Today on Sporcle TV


Watch our educational content, quiz creation guides, and fun videos on Sporcle TV.

Show Comments

Extras

Top Quizzes Today


Score Distribution

Paid Content

Your Account Isn't Verified!

In order to create a playlist on Sporcle, you need to verify the email address you used during registration. Go to your Sporcle Settings to finish the process.

Report this User

Report this user for behavior that violates our Community Guidelines.

Details: